|
|
|
|
| LEADER |
00000nam0a2200000 4500 |
| 001 |
32643 |
| 005 |
20231101210115.0 |
| 035 |
|
|
|a (RuTPU)RU\TPU\book\32942
|
| 035 |
|
|
|a BOOK00001031
|
| 090 |
|
|
|a 32643
|
| 100 |
|
|
|a 20011210d1976 km y0rusy50 ca
|
| 101 |
1 |
|
|a rus
|c ger
|
| 102 |
|
|
|a RU
|
| 105 |
|
|
|a y j 001zy
|
| 200 |
0 |
|
|a Т. 1: Основы и общие методы
|
| 210 |
|
|
|d 1976
|
| 215 |
|
|
|a 512 с.
|
| 320 |
|
|
|a Предм. указ.: с. 500-507.
|
| 320 |
|
|
|a Библиогр.: с. 497-499.
|
| 461 |
|
|
|t Квантовая химия
|o пер. с нем.
|f Л. Цюлике
|v Т. 1: Основы и общие методы
|d 1976-
|
| 606 |
1 |
|
|a Квантовая химия
|2 stltpush
|3 (RuTPU)RU\TPU\subj\69462
|9 84313
|
| 610 |
1 |
|
|a квантовая механика
|
| 610 |
1 |
|
|a механика
|
| 610 |
1 |
|
|a симметрия
|
| 610 |
1 |
|
|a электромагнитные взаимодействия
|
| 610 |
1 |
|
|a принцип Паули
|
| 610 |
1 |
|
|a учебные пособия
|
| 610 |
1 |
|
|a библиотека А. Г. Стромберга
|
| 675 |
|
|
|a 544.18(075.8)
|v 3
|
| 801 |
|
0 |
|a RU
|b 63413507
|c 20011210
|g PSBO
|
| 801 |
|
2 |
|a RU
|b 63413507
|c 20170911
|g PSBO
|
| 942 |
|
|
|c BK
|